1597 1558 1515 1125 1135 1460 1270 1084 1881 1499 1948 1872 1363 1565 1485 1261 1197 1983 1629 1134 1809 1516 1613 1687 1333 1766 1837 1019 1026 1943 1764 1593 1022 1673 1685 1414 1402 1572 1531 1509 1445 1144 1912 1482 1748 1450 1629 1473 1619 1301 1955 1797 1646 1372 1628 1039 1155 1355 1347 1005 1262 1608 1498 1541 1228 1420 1558 1540 1586 1379 1793 1287 1603 1016 1481 1045 1478 1634 1734 1092 1017 1144 1730 1779 1596 1530 1577 1338 1461 1130 1377 1685 1829 1831 1495 1525 1436 1088 1353 BCNSPRNW ULIB Ver.6.0+V

เปลี่ยนเป็นภาษาไทย

Change to English
 แสดงรายละเอียดบรรณานุกรม
  กลับหน้าหลัก

Brief Record : Get Marc (ISO 2709) : E-mail record : QR code < ปิดหน้าต่าง
LEADER : 00000nam 2200000uu 4500
001    13399114516
003     ULIB
008    120411s2552||||th 000 0 tha d
020    ^a9786117190223
090    ^aนว.^bว276ป 2552
100 0  ^aวรวลัญช์
245 00 ^aปลายทางกามเทพ /^cวรวลัญช์
250    ^aพิมพ์ครั้งที่ 1
260    ^aกรุงเทพฯ :^bอินเลิฟ,^c2552
300    ^a388 หน้า
710 1  ^aอินเลิฟ
945    ^p275^l0^i15775
995    ^aกัณชพร
999 ^a ใช้งานได้ทุกระบบ
รายการนี้ยังไม่มีแท็ก
คุณยังไม่ได้ล็อกอิน คุณสามารถมีกิจกรรมร่วมกับเว็บไซต์ได้ แต่ต้องล็อกอินก่อน ::
  ล็อกอิน

รายการสื่อสารสนเทศ

ลำดับที่ ประเภท เลขเรียก/บาร์โค้ด สถานที่ สถานะ
1. นวนิยาย
นวนิยาย
นว. ว276ป 2552  
  Barcode: 15775
ห้องสมุดวิทยาเขตสวรรค์ประชารักษ์
►นวนิยาย
บนชั้น
  ขอยืม

BibComment


ยังไม่เคยถูกคอมเมนท์

คอมเมนท์ทรัพยากรรายการนี้
  คอมเมนท์: ปลายทางกามเทพ ว..


 Copyright 2026. Bcnsprnw @Library